000 00662nam a2200193Ia 4500
003 GCL
008 140319s9999 xx 000 0 ara d
040 _aGCL /
_cGCL
082 0 4 _a970.01
_bه ح
100 1 _aمحمد محمود الصياد
245 1 0 _aالحضارة القديمة فى الدنيا الجديدة /
_cمحمد محمود الصياد
700 1 _aهيبين, فرانك
300 _a224 ص
490 _aالهيئة العامة للاستعلامات
_v0
650 0 4 _aالتاريخ
650 0 4 _aالحضارة الامريكية
650 0 4 _aالولايات المتحدة الامريكية - تاريخ
942 _2ddc
_cBK
999 _c50099
_d50099